[Event "MSU Cup"]
[Site "Moscow"]
[Date "2024.04.24"]
[Round "6.7"]
[White "Ezizov, Muhammet"]
[Black "Imarbekov, Bael"]
[Result "1-0"]
[WhiteElo "1909"]
[BlackElo "1678"]
[PlyCount "119"]
[EventDate "2024.04.22"]
[EventType "team-tourn"]
[EventRounds "9"]
[EventCountry "RUS"]
[SourceTitle "CBM 219 Extra"]
[Source "ChessBase"]
[SourceDate "2024.05.31"]
[SourceVersion "1"]
[SourceVersionDate "2024.05.31"]
[SourceQuality "1"]
[WhiteTeam "Turkmenistan"]
[BlackTeam "Kyrgyzstan"]
[WhiteTeamCountry "TKM"]
[BlackTeamCountry "KGZ"]

1. e4 d5 2. exd5 Qxd5 3. Nc3 Qd8 4. d4 Nf6 5. h3 Bf5 6. Nf3 e6 7. Bd3 Bxd3 8. Qxd3 h6 9. Qb5+ Nbd7 10. Qxb7 Bd6 11. 0-0 0-0 12. Qa6 Nb6 13. Qd3 Nbd5 14. Nxd5 exd5 15. b3 Re8 16. c4 c6 17. c5 Bc7 18. b4 Qd7 19. Rb1 Re4 20. Bb2 Rae8 21. Rfd1 Nh5 22. Bc1 Qf5 23. Be3 Nf4 24. Bxf4 Bxf4 25. Kf1 g5 26. b5 h5 27. Ne5 Bxe5 28. dxe5 Qxe5 29. g3 Qf5 30. Kg2 cxb5 31. Qxd5 R4e5 32. Qc6 Re2 33. Qf3 Qxc5 34. Rbc1 Qb6 35. Rd5 f6 36. Rd7 R2e7 37. Rxe7 Rxe7 38. Qxh5 Kg7 39. Qf3 a5 40. Rc8 b4 41. Qa8 Qb7+ 42. Qxb7 Rxb7 43. Ra8 Rb5 44. Kf3 b3 45. axb3 Rxb3+ 46. Kg4 Rb4+ 47. Kh5 a4 48. Ra7+ Kf8 49. Kg6 Rb2 50. Kxf6 Rxf2+ 51. Kxg5 Rf3 52. Kg4 Ra3 53. h4 Ra1 54. h5 a3 55. Kg5 a2 56. g4 Ke8 57. h6 Kf8 58. h7 Rh1 59. Kg6 Rh4 60. g5 1-0

[Event "MSU Cup"]
[Site "Moscow"]
[Date "2024.04.22"]
[Round "1.15"]
[White "Mukhamedov, Khadiyatullo"]
[Black "Imarbekov, Bael"]
[Result "1-0"]
[WhiteElo "1870"]
[BlackElo "1678"]
[PlyCount "59"]
[EventDate "2024.04.22"]
[EventType "team-tourn"]
[EventRounds "9"]
[EventCountry "RUS"]
[SourceTitle "CBM 219 Extra"]
[Source "ChessBase"]
[SourceDate "2024.05.31"]
[SourceVersion "1"]
[SourceVersionDate "2024.05.31"]
[SourceQuality "1"]
[WhiteTeam "Uzbekistan"]
[BlackTeam "Kyrgyzstan"]
[WhiteTeamCountry "UZB"]
[BlackTeamCountry "KGZ"]

1. d4 d6 2. Nf3 g6 3. g3 Bg7 4. Bg2 Nd7 5. c4 e5 6. e4 Ne7 7. 0-0 0-0 8. Nc3 h6 9. Be3 Kh7 10. Ne1 Nc6 11. Nc2 exd4 12. Nxd4 Nde5 13. Nxc6 bxc6 14. b3 Qf6 15. Rc1 Ng4 16. Bd2 Bd7 17. h3 Ne5 18. Be1 g5 19. f4 Ng6 20. e5 Qe7 21. Ne4 gxf4 22. gxf4 dxe5 23. f5 Nf4 24. f6 Bxf6 25. Qxd7 Ne2+ 26. Kh1 Qxd7 27. Nxf6+ Kg7 28. Nxd7 Nxc1 29. Nxf8 Rd8 30. Bh4 1-0